<?xml version="1.0" encoding="UTF-8"?><?xml-stylesheet type="text/xsl" href="static/style.xsl"?><OAI-PMH xmlns="http://www.openarchives.org/OAI/2.0/" xmlns:xsi="http://www.w3.org/2001/XMLSchema-instance" xsi:schemaLocation="http://www.openarchives.org/OAI/2.0/ http://www.openarchives.org/OAI/2.0/OAI-PMH.xsd"><responseDate>2026-04-29T10:14:42Z</responseDate><request verb="GetRecord" identifier="oai:riubu.ubu.es:10259/4998" metadataPrefix="marc">https://riubu.ubu.es/oai/request</request><GetRecord><record><header><identifier>oai:riubu.ubu.es:10259/4998</identifier><datestamp>2021-11-10T09:38:19Z</datestamp><setSpec>com_10259_5377</setSpec><setSpec>com_10259_5086</setSpec><setSpec>com_10259_2604</setSpec><setSpec>com_10259_4313</setSpec><setSpec>col_10259_5378</setSpec><setSpec>col_10259_4314</setSpec></header><metadata><record xmlns="http://www.loc.gov/MARC21/slim" xmlns:doc="http://www.lyncode.com/xoai" xmlns:xsi="http://www.w3.org/2001/XMLSchema-instance" xmlns:dcterms="http://purl.org/dc/terms/" xsi:schemaLocation="http://www.loc.gov/MARC21/slim http://www.loc.gov/standards/marcxml/schema/MARC21slim.xsd">
<leader>00925njm 22002777a 4500</leader>
<datafield tag="042" ind1=" " ind2=" ">
<subfield code="a">dc</subfield>
</datafield>
<datafield tag="720" ind1=" " ind2=" ">
<subfield code="a">Pascual Portal, Blanca Sol</subfield>
<subfield code="e">author</subfield>
</datafield>
<datafield tag="720" ind1=" " ind2=" ">
<subfield code="a">Vallejos Calzada, Saúl</subfield>
<subfield code="e">author</subfield>
</datafield>
<datafield tag="720" ind1=" " ind2=" ">
<subfield code="a">Reglero Ruiz, José A.</subfield>
<subfield code="e">author</subfield>
</datafield>
<datafield tag="720" ind1=" " ind2=" ">
<subfield code="a">Bertolín Burillo, Juan Carlos</subfield>
<subfield code="e">author</subfield>
</datafield>
<datafield tag="720" ind1=" " ind2=" ">
<subfield code="a">Represa Pérez, César</subfield>
<subfield code="e">author</subfield>
</datafield>
<datafield tag="720" ind1=" " ind2=" ">
<subfield code="a">García García, Félix Clemente</subfield>
<subfield code="e">author</subfield>
</datafield>
<datafield tag="720" ind1=" " ind2=" ">
<subfield code="a">García Pérez, José Miguel</subfield>
<subfield code="e">author</subfield>
</datafield>
<datafield tag="260" ind1=" " ind2=" ">
<subfield code="c">2019-02</subfield>
</datafield>
<datafield tag="520" ind1=" " ind2=" ">
<subfield code="a">Conventional nonconductive vinylic films with dispersed aniline change their color and become conductive in the presence of specific oxidant gases, namely, chlorine and hydrogen peroxide. The color change arises from the polymerization of the aniline to yield the conjugated polymer polyaniline, which at the same time renders the flexible vinylic films conductive. We present a simple and straightforward method using both colorimetric and electrical responses to detect and quantify the presence of oxidants (Cl2 and H2O2) in the air. Using RGB analysis (red, green and blue parameters defining the colors in digital pictures on a computer display) based on different pictures taken with a smartphone of discs extracted from the films and by measuring the UV–vis spectral variation in the presence of different concentrations of Cl2 and H2O2, we obtained limits of detection and quantification between 15 and 200 ppbv for H2O2 and between 37 and 583 ppbv for Cl2. Additionally, the electrical response was measured using a fabricated device to visually detect the electrical conductivity activation of the sensor in the presence of oxidant atmospheres, detecting a rapid decrease in resistivity (three orders of magnitude) when the polymerization of aniline began, changing the film from non-conductive to conductive.</subfield>
</datafield>
<datafield tag="024" ind2=" " ind1="8">
<subfield code="a">0304-3894</subfield>
</datafield>
<datafield tag="024" ind2=" " ind1="8">
<subfield code="a">http://hdl.handle.net/10259/4998</subfield>
</datafield>
<datafield tag="024" ind2=" " ind1="8">
<subfield code="a">10.1016/j.jhazmat.2018.10.039</subfield>
</datafield>
<datafield ind1=" " ind2=" " tag="653">
<subfield code="a">Vinylic films</subfield>
</datafield>
<datafield ind1=" " ind2=" " tag="653">
<subfield code="a">Detection of oxidant atmospheres</subfield>
</datafield>
<datafield ind1=" " ind2=" " tag="653">
<subfield code="a">Visual detection</subfield>
</datafield>
<datafield ind1=" " ind2=" " tag="653">
<subfield code="a">Resistivity sensors</subfield>
</datafield>
<datafield ind1=" " ind2=" " tag="653">
<subfield code="a">Conductive polymers</subfield>
</datafield>
<datafield tag="245" ind1="0" ind2="0">
<subfield code="a">Easy and inexpensive method for the visual and electronic detection of oxidants in air by using vinylic films with embedded aniline</subfield>
</datafield>
</record></metadata></record></GetRecord></OAI-PMH>